000 00557nam a2200181Ia 4500
008 090124s9999 xx 000 0 und d
082 _b18949
_a6274
100 _aभट रविंद्र
245 _a सागरा प्राण तळमळला
250 _a1
260 _c1973
300 _a421
600 _aभट रविंद्र
630 _a सागरा प्राण तळमळला
700 _aभट रविंद्र
730 _a सागरा प्राण तळमळला
942 _cBOOK
999 _c132890
_d132890